Dolorosa soror /

Guardat en:
Dades bibliogràfiques
Autor principal: Dugas, Florence (Autor)
Altres autors: D'Angelo, Giulia
Format: Llibre
Idioma:italià
Publicat: Milano : ES, \1999!
Col·lecció:Biblioteca dell'eros ; 99
Etiquetes: Afegir etiqueta
Sense etiquetes, Sigues el primer a etiquetar aquest registre!

MARC

LEADER 00000nam a22000007i 4500
001 IT\ICCU\REA\0046489
003 ItRI
005 20260115232233.0
008 990810s1999 it |||||| ||||| |||||c
015 |2 IT  |a 8886534833 
040 |b ita  |c importazione bologna sebina 
041 7 |a ita  |2 ISO-639-2 
082 |a 843.914  |9 NARRATIVA FRANCESE. 1945-  |2 19 
100 1 |a Dugas, Florence  |0 IT\ICCU\REAV\096930  |4 aut 
240 1 0 |a Dolorosa soror.  |3 IT\ICCU\REA\0046490  |9 Dugas, Florence 
245 1 0 |a Dolorosa soror /  |c Florence Dugas ; traduzione di Giulia D'Angelo. 
260 |a Milano :  |b ES,  |c \1999! 
300 |a 133 p. ;  |c 21 cm. 
700 1 |a D'Angelo, Giulia  |0 IT\ICCU\CFIV\078055 
830 0 |a Biblioteca dell'eros ;  |v 99  |0 IT\ICCU\RAV\0141351 
942 |2 ddc  |c BK  |n 0 
952 |0 0  |1 0  |4 0  |6 L_843_914000000000000_DUG  |7 0  |9 22602  |a BO  |b BO  |d 2026-01-15  |i 10878  |l 0  |o L 843.914 DUG  |p BO10878  |r 2026-01-15 23:22:33  |w 2026-01-15  |x [Sebina 5] [1 v.]  |y BK  |z 1 v. 
999 |c 19301  |d 19301